[Event "CD Meyer Gedenkturnier 2020"]
[Site "Bremen"]
[Date "2020.10.11"]
[Round "2.8"]
[White "Wachinger, Nikolas"]
[Black "Sreyas Payyappat"]
[Result "1-0"]
[WhiteElo "2334"]
[BlackElo "2144"]
[Annotator "TA"]
[PlyCount "121"]
[EventDate "2020.10.10"]
[EventType "swiss"]
[EventCountry "GER"]
[SourceTitle "playchess.com"]
[Source "ChessBase"]
[SourceQuality "1"]

{[%evp 10,121,6,8,46,47,56,37,62,76,83,79,82,74,80,75,91,28,143,138,135,120,148,134,100,77,250,275,353,214,229,233,354,350,485,335,316,300,303,298,285,311,329,288,287,295,286,282,261,227,267,274,264,280,297,216,202,203,210,165,188,10,1160,1121,1378,1329,1096,1018,1396,0,1053,248,971,962,941,961,960,959,918,896,1576,1558,1032,945,1561,1103,4833,4133,29971,29956,29956,29957,12610,4833,4833,4833,2104,2104,29963,29964,29963,29963,29966,29964,29978,29979,29954,7634,6049,4137,4137,4137,29991,1469]} 1. e4 c6 2. Nf3 d5 3. Nc3 Bg4 4. h3 Bxf3 5. Qxf3 e6 6. Be2 g6 {B11: Caro-Kann: Two Knights Variation.} 7. d4 Bg7 8. Be3 Nd7 {White is slightly better.} 9. h4 {[#]} Ngf6 $146 ({Predecessor:} 9... Qa5 10. O-O-O Ngf6 11. e5 Ne4 12. Nxe4 dxe4 13. Qxe4 Qxa2 14. c3 a5 15. Qb1 Qxb1+ 16. Kxb1 {½-½ (30) Dominguez Fernandez,A (2163)-Cruz Lledo,P (2439) Mondariz 2017}) 10. e5 Ng8 11. h5 Ne7 12. g4 a6 13. O-O-O ({Better is} 13. hxg6 $16 fxg6 14. Qh3) 13... b5 (13... c5 $11) 14. hxg6 Nxg6 15. Qg3 Qa5 16. f4 b4 17. Nb1 {f5 is the strong threat.} Qxa2 $2 (17... c5 $16) 18. f5 $18 Ngxe5 19. fxe6 fxe6 20. Bh6 $1 {[%cal Rh6g7]} Bxh6+ (20... Bf6 $142 21. g5 Rg8) 21. Rxh6 Ng6 22. Qd6 Kd8 23. Rdh1 {White wants to mate with Rxg6!} Re8 24. Rxh7 {[%csl Gh7][%cal Rd6d7]} Ngf8 25. Rf7 (25. Qxc6 Rc8 $11) 25... Qa5 26. Rxf8 {[%mdl 64] Remove Defender} ({Less strong is} 26. Qxc6 Rb8 $16) 26... Rxf8 27. Rh7 {[%csl Gh7][%cal Rd6d7]} Ra7 {White should prevent ...Re8.} 28. Rxd7+ $1 {[%mdl 64] Remove Defender} Rxd7 29. Qxf8+ $40 {[%mdl 128] White attacks with force.} Kc7 30. g5 {Strongly threatening g6.} b3 31. c3 {Threatens to win with g6.} (31. cxb3 Qe1+ 32. Bd1 Qe3+ 33. Nd2 Qxd4 $16) 31... Rh7 {intending ...Rh1+.} 32. g6 Rh1+ 33. Bd1 Qb5 34. Qf3 ({Weaker is} 34. g7 Qe2 $11) 34... Rg1 {[#]} 35. Nd2 $2 (35. g7 $1 $18 {[%cal Rg7g8][%mdl 512]} Rxg7 36. Nd2) 35... Kb6 $2 {[%mdl 8192]} (35... Qa4 $11) 36. Qf4 {White threatens Qb8+ and mate.} Kb7 37. Qf2 Rh1 38. Qg2 Re1 39. Qf2 Rh1 $1 {aiming for ...Qd3!} 40. c4 $2 (40. Qf7+ Kb6 41. Qh7 $3 {[%mdl 576] Promotion}) 40... Qa4 $2 (40... dxc4 41. Qf7+ {[%mdl 64] Double Attack} Kb6 42. Qxe6 c3 43. Nc4+ (43. bxc3 $2 b2+ 44. Kc2 Rh2 $19) 43... Kc7) 41. Qf7+ {[%mdl 64] Double Attack} Ka8 42. Qg8+ Kb7 {[#]} 43. Qh7+ $1 {[%mdl 576] Promotion} Rxh7 44. gxh7 dxc4 45. h8=Q Qa1+ 46. Nb1 Qa5 47. Qg7+ Kb6 48. Qe5 {[%cal Re5b8]} Qd5 49. Qb8+ Ka5 50. Qc7+ Kb4 51. Qe7+ Ka5 52. Nc3 Qxd4 53. Qc7+ Kb4 54. Qb7+ Ka5 55. Qxc6 Qe3+ 56. Kb1 Qd3+ 57. Ka1 {[%cal Rc6c5]} Qe3 58. Qc7+ (58. Be2 $142 Qd4 59. Qxe6 Qg1+ 60. Nb1 Qc5 61. Bxc4 {[%mdl 64] Double Attack} Kb4 62. Bxb3 Qg1 63. Qc4+ Ka5 64. Qc6) 58... Kb4 59. Qd6+ Ka5 60. Kb1 e5 61. Qa3+ {Accuracy: White = 63%, Black = 49%.} (61. Qc7+ $142 Qb6 62. Qxe5+ Kb4 63. Nd5+ {[%mdl 64] Double Attack} Kc5 64. Nxb6+ Kxb6 65. Qd6+ Kb7 66. Bf3+ Kc8 67. Bc6 a5 68. Qd7+ Kb8 69. Qb7#) 1-0

[Event "CD Meyer Gedenkturnier 2020"]
[Site "Bremen"]
[Date "2020.10.11"]
[Round "2.9"]
[White "Coll Ortega, Jordi"]
[Black "Rafiee, Makan"]
[Result "1/2-1/2"]
[WhiteElo "2268"]
[BlackElo "2336"]
[Annotator "TA"]
[PlyCount "60"]
[EventDate "2020.10.10"]
[EventType "swiss"]
[EventCountry "GER"]
[SourceTitle "playchess.com"]
[Source "ChessBase"]
[SourceQuality "1"]

{[%evp 22,60,18,6,17,24,20,1,19,0,0,0,0,0,2,0,58,0,48,30,41,-31,-42,-57,-56,-44,-54,-94,-18,-13,0,0,0,0,6,0,0,0,6,6,12]} 1. e4 e5 2. Nf3 Nc6 3. Bc4 Nf6 4. d3 Bc5 5. O-O a6 6. c3 d6 7. Re1 Ba7 8. Bb3 O-O 9. h3 h6 10. Nbd2 Re8 11. Nf1 Be6 12. Ng3 d5 {C54: Giuoco Piano: 4 c3 Nf6, main lines with 5 d4 and 5 d3.} 13. exd5 Bxd5 14. Bc2 Qd6 15. Nf5 Qd7 16. N3h4 Kh8 {[#]} 17. Ne3 $146 ({Predecessor:} 17. Nxg7 Kxg7 {½-½ (17) Tropf,P (2280)-Boehnke,H (2337) ICCF email 2018}) 17... Be6 18. Qf3 Nd5 (18... Rg8 $11) 19. Nef5 (19. Ng4 $14) 19... Bxf5 20. Nxf5 Re6 21. Qe4 (21. Qh5 $14) 21... Nd4 $15 22. Bb3 ({But not} 22. cxd4 exd4 23. Bxh6 Rxe4 $17) 22... Nxb3 23. axb3 c6 24. Be3 {[#] Black should prevent Bxa7.} Bxe3 ({Black should play} 24... g6 $1 $17 {[%cal Rg6f5]} 25. Ng3 (25. Nxh6 Bxe3 26. fxe3 Kg7 $17) 25... Nxe3 26. fxe3 f5) 25. Nxe3 $11 {The position is equal.} Nxe3 26. Rxe3 Rd8 27. Rae1 Qd5 28. Qxd5 Rxd5 29. b4 Red6 30. Rxe5 Rxd3 {Accuracy: White = 73%, Black = 82%.} 1/2-1/2

[Event "CD Meyer Gedenkturnier 2020"]
[Site "Bremen"]
[Date "2020.10.11"]
[Round "2.10"]
[White "Colbow, Collin"]
[Black "Pajeken, Jakob Leon"]
[Result "1-0"]
[WhiteElo "2247"]
[BlackElo "2332"]
[Annotator "TA"]
[PlyCount "39"]
[EventDate "2020.10.10"]
[EventType "swiss"]
[EventCountry "GER"]
[SourceTitle "playchess.com"]
[Source "ChessBase"]
[SourceQuality "1"]

{[%evp 9,39,0,10,22,23,14,25,0,42,0,178,106,104,53,52,35,153,156,809,811,826,828,813,815,762,583,566,598,571,582,568,555]} 1. e4 e5 2. Nf3 Nc6 3. Bb5 a6 4. Ba4 Nf6 5. Nc3 Bd6 6. d3 {C77: Ruy Lopez: 3...a6 4 Ba4 Nf6, unusual lines.} b5 7. Bb3 O-O 8. a3 {White has an edge.} Re8 {[#]} 9. g4 $146 ({Predecessor:} 9. Nd5 Na5 10. Nxf6+ Qxf6 11. Ba2 Nb7 12. Bg5 Qg6 13. h4 Bc5 14. b4 Bf8 15. h5 {1-0 (34) Baklan,V (2600)-Iruzubieta Villaluenga,J (2434) La Roda 2017}) 9... Nxg4 $2 (9... Nd4 $11) 10. Rg1 (10. Ng5 $18 Nh6 11. Rg1) 10... Nf6 $16 {and if ...Nd4 works, Black does fine.} 11. Bh6 (11. Nd5 $16 {And now Nxf6+ would win.} Bc5 12. Ng5) 11... Bf8 $14 12. Ng5 $36 {[%mdl 2048] White has good play.} Re7 {[#]} (12... Re6 $14) 13. Nd5 $1 $16 {[%cal Rd5f6]} Nxd5 $2 {This move loses the game for Black.} (13... Re6 $16 14. c3 (14. Nxe6 fxe6 15. Nxf6+ Qxf6 $14) 14... Nxd5) 14. Bxd5 $18 {Hoping for Qh5.White is clearly winning.} g6 {[#]} 15. Qh5 $3 {[%mdl 512] White wants to mate with Bxf8!} Re6 {[#]} (15... gxh5 16. Nxf7+) 16. Bxf8 $1 {[%mdl 512]} Kxf8 (16... Qxf8 17. Qxh7#) 17. Nxe6+ dxe6 18. Qh6+ Kg8 19. Bxc6 Rb8 20. d4 {Accuracy: White = 54%, Black = 52%.} 1-0

[Event "CD Meyer Gedenkturnier 2020"]
[Site "Bremen"]
[Date "2020.10.11"]
[Round "2.11"]
[White "Papp, Sarah"]
[Black "Lubbe, Melanie"]
[Result "1/2-1/2"]
[WhiteElo "2327"]
[BlackElo "2254"]
[Annotator "TA"]
[PlyCount "103"]
[EventDate "2020.10.10"]
[EventType "swiss"]
[EventCountry "GER"]
[SourceTitle "playchess.com"]
[Source "ChessBase"]
[SourceQuality "1"]

{[%evp 25,103,56,58,-66,-43,-38,-43,0,49,-30,-34,-26,10,0,56,8,13,12,9,20,15,14,9,16,45,45,42,42,51,54,49,49,86,85,68,9,13,18,8,5,5,8,49,49,103,89,93,91,115,115,152,152,158,156,129,147,177,132,126,23,25,22,77,77,77,77,77,76,80,80,80,80,47,8,8,8,8,8,8,8]} 1. e4 c5 2. Nf3 e6 3. d4 cxd4 4. Nxd4 Nf6 5. Nc3 Nc6 6. Ndb5 d6 7. Bf4 e5 8. Bg5 a6 9. Na3 b5 10. Bxf6 gxf6 11. Nd5 Bg7 12. Bd3 Ne7 13. Nxe7 Qxe7 14. Qf3 {B33: Sicilian: Pelikan and Sveshnikov Variations.} (14. c4 $14) 14... f5 {...d5! is the strong threat.} 15. c4 {[#]} d5 $1 {[%mdl 512]} 16. cxd5 {Black is slightly better.} Qb4+ {[#]} 17. Kf1 $146 (17. Ke2 $1 $14) ({Predecessor:} 17. Ke2 fxe4 18. Bxe4 O-O 19. Nc2 Qc4+ 20. Bd3 Qa4 21. Ne3 f5 22. Nxf5 Bxf5 23. Bxf5 Qc4+ 24. Bd3 e4 25. Qxf8+ {1-0 (24) Stocker,A (2070)-Rodewis,T (2175) Bayern 1998}) 17... Qxb2 $11 18. Nc2 fxe4 19. Bxe4 O-O (19... Ra7 $11 20. d6 O-O) 20. g4 (20. Ke2 {keeps more tension.} b4 21. Rhb1 Qc3 22. d6 Qc4+ 23. Ke1) 20... f5 $1 {[%cal Rf5e4]} 21. gxf5 Bxf5 22. Bxf5 Qxc2 $1 23. Bxc2 Rxf3 24. Be4 Rc3 25. d6 Rd8 26. Rd1 Bf8 27. Rg1+ Kf7 28. d7 Rc7 29. Bf5 Kf6 30. Bxh7 (30. Bh3 $1 $14) 30... Rcxd7 31. Rg6+ Kf7 $132 {[%mdl 2048] Black is not keeping still} 32. Rxd7+ Rxd7 33. Rxa6 {[%mdl 4096] Endgame KRB-KRB} Bc5 34. Rc6 Bd4 (34... Be7 $14) 35. Bd3 $16 b4 36. h4 Bc3 37. Ke2 Rd4 38. h5 Rh4 39. h6 e4 40. Bc4+ Ke7 41. Bd5 Kd7 42. a4 ({White should play} 42. Rb6 $16) 42... Rh1 $1 $11 {[%csl Gc3][%cal Rh1e1] [#]} 43. Ke3 Re1+ (43... Rd1 $11 {keeps the balance.} 44. h7 (44. Bxe4 Re1+ 45. Kd3 Rxe4 $11) (44. Kxe4 $2 Rd4+ 45. Ke3 Rxd5 $19) 44... Ba1) 44. Kf4 $16 {Hoping for a5.} Bd2+ 45. Kf5 {aiming for h7.} Rh1 46. Bxe4 Rh5+ 47. Kg4 Rxh6 48. Rxh6 Bxh6 49. a5 {And now a6 would win.} Kc7 {The position is equal.} 50. Kf5 Bd2 51. Bc2 b3 52. Bxb3 {Accuracy: White = 69%, Black = 74%.} 1/2-1/2

[Event "CD Meyer Gedenkturnier 2020"]
[Site "Bremen"]
[Date "2020.10.12"]
[Round "3.1"]
[White "Kollars, Dmitrij"]
[Black "Donchenko, Alexander"]
[Result "1/2-1/2"]
[WhiteElo "2588"]
[BlackElo "2658"]
[Annotator "TA"]
[PlyCount "37"]
[EventDate "2020.10.10"]
[EventType "swiss"]
[EventCountry "GER"]
[SourceTitle "playchess.com"]
[Source "ChessBase"]
[SourceQuality "1"]

{[%evp 11,37,8,26,17,32,8,18,13,6,8,9,15,11,3,20,14,14,14,27,3,16,0,0,0,0,0,0,-12]} 1. e4 e5 2. Nf3 Nc6 3. Bc4 Bc5 4. c3 Nf6 5. d3 d6 6. O-O a6 7. a4 $1 {[%mdl 4] is recently more successful than 7.Bb3. Played by Levon Aronian in September 2020. C54: Giuoco Piano: 4 c3 Nf6, main lines with 5 d4 and 5 d3.} Ba7 8. a5 O-O 9. Be3 Bxe3 10. fxe3 Qe7 11. Nbd2 Be6 {[#]} 12. Qb3 $146 ({Predecessor:} 12. Bb3 Rad8 13. d4 d5 14. Ng5 h6 15. Nxe6 fxe6 16. Qe1 dxe4 17. Qh4 exd4 18. exd4 Nxd4 19. cxd4 Rxd4 {1-0 (53) Engelbrecht,J-Laine,E (1797) ICCF email 2017}) 12... Rab8 13. Bxe6 Qxe6 14. Qxe6 fxe6 15. d4 Rfe8 {The position is equal.} 16. dxe5 Nxe5 17. Nxe5 dxe5 18. Ra4 Red8 19. Nc4 {Not much happened in this game. Accuracy: White = 100%, Black = 100%.} 1/2-1/2

[Event "CD Meyer Gedenkturnier 2020"]
[Site "Bremen"]
[Date "2020.10.12"]
[Round "3.2"]
[White "Edouard, Romain"]
[Black "Grigorian, Spartak"]
[Result "1/2-1/2"]
[WhiteElo "2645"]
[BlackElo "2433"]
[Annotator "TA"]
[PlyCount "45"]
[EventDate "2020.10.10"]
[EventType "swiss"]
[EventCountry "GER"]
[SourceTitle "playchess.com"]
[Source "ChessBase"]
[SourceQuality "1"]

{[%evp 11,45,0,7,-7,0,-1,13,5,20,0,8,16,8,0,0,0,14,14,15,11,12,0,0,0,0,0,0,0,0,0,0,0,0,0,0,0]} 1. d4 Nf6 2. Bf4 d5 3. e3 c5 4. c3 Nc6 5. Nd2 Bf5 6. Ngf3 e6 {The position is equal.} 7. Qb3 {D00: 1 d4 d5: Unusual lines.} Qc8 8. c4 cxd4 9. Nxd4 Nxd4 10. exd4 Be7 11. c5 O-O 12. Be2 {[#]} b6 $146 {[%mdl 512]} ({Predecessor:} 12... Nd7 13. Nf3 Bg4 14. O-O Bf6 15. Qe3 a5 16. Bd6 Bxf3 17. Bxf3 Rd8 18. Be2 Nb8 {1-0 (53) Di Benedetto,D (2272)-Blagojevic,D (2492) Cutro 2018}) 13. cxb6 {Black must now prevent b7.} axb6 14. O-O Qd8 15. Rfc1 Bd6 16. Bxd6 Qxd6 17. Qc3 h6 18. a3 Ne4 19. Qe3 Rfc8 20. Nxe4 dxe4 21. Rc3 Rxc3 22. Qxc3 Rd8 23. Rd1 {Not much happened in this game. Accuracy: White = 100%, Black = 100%.} 1/2-1/2

[Event "CD Meyer Gedenkturnier 2020"]
[Site "Bremen"]
[Date "2020.10.12"]
[Round "3.3"]
[White "Koellner, Ruben Gideon"]
[Black "Papp, Gabor"]
[Result "1-0"]
[WhiteElo "2337"]
[BlackElo "2602"]
[Annotator "TA"]
[PlyCount "91"]
[EventDate "2020.10.10"]
[EventType "swiss"]
[EventCountry "GER"]
[SourceTitle "playchess.com"]
[Source "ChessBase"]
[SourceQuality "1"]

{[%evp 16,91,0,0,0,-4,-5,0,0,-31,-10,-7,0,0,0,0,0,0,0,0,0,0,0,0,0,0,0,0,0,0,31,0,0,0,0,-41,68,70,39,29,42,45,104,85,102,119,112,83,99,43,221,49,712,693,1084,1064,1050,983,1366,1077,1143,1038,2982,2467,1907,1063,1141,1120,1204,1187,1131,1120,1100,1029,1200,1167,1037,1028]} 1. d4 e6 2. Nf3 Nf6 3. Nbd2 d5 4. e3 b6 5. b3 Bb7 6. Bb2 Bd6 7. Ne5 O-O 8. Bd3 c5 9. O-O Nc6 {D05: Colle System with ...e6.} 10. a3 Rc8 11. f4 Ne7 {The position is equal.} 12. Qf3 b5 {[%cal Bb6b5,Bb5c4][%mdl 32]} 13. c3 c4 14. bxc4 bxc4 15. Bc2 {[#]} Ne4 $146 ({Predecessor:} 15... Rb8 16. Rab1 Ba8 17. g4 Qa5 18. g5 Bxe5 19. fxe5 Ne4 20. Bxe4 dxe4 21. Qh3 Bd5 22. Qg4 Nf5 23. Kf2 Rxb2 24. Rxb2 Qxc3 25. Ra2 Qxe3+ 26. Kg2 c3 {0-1 (26) Summerscale,A (2416)-Emms,J (2460) London 2015}) 16. Nxe4 dxe4 17. Bxe4 Bxe4 18. Qxe4 f5 19. Qc2 Nd5 20. Bc1 Bxe5 21. fxe5 Rb8 22. Bd2 Qg5 23. Rf3 {Hoping for e4.} Qe7 24. a4 Qb7 25. Raf1 Qd7 (25... Qb3 $15 26. Rc1 Qa3) 26. Bc1 $14 Qe7 27. h3 Qh4 28. Ba3 $36 {[%mdl 2048] White is pushing.} Rfc8 (28... Rfd8 $14) 29. Bd6 $16 Qe4 30. Qxe4 fxe4 31. R3f2 Ra8 32. Rb1 (32. a5 $16) 32... Nxe3 $2 (32... a5 $14) 33. g4 $2 (33. Rb7 $18 {Strongly threatening Rff7.} Kh8 34. Rff7) 33... Rc6 $2 {[%mdl 8192]} (33... a5 $14) 34. Rb7 $18 {White is clearly winning.} Rb6 {[#]} 35. Rxa7 $3 {[%mdl 512]} Rb1+ (35... Rxa7 36. Rf8#) 36. Kh2 Rab8 37. Bxb8 {Bd6 is the strong threat.} Rxb8 {[%mdl 4096] Endgame KRR-KRN} 38. a5 {[%cal Ba4a5,Ba5a6][%mdl 32]} Nd5 39. a6 e3 40. Rc2 Rb6 41. Kg3 h6 42. Ra2 e2 43. Rxe2 Nxc3 44. Rc2 Rb3 45. Kh2 Ra3 46. Rb7 {Accuracy: White = 69%, Black = 51%.} 1-0

[Event "CD Meyer Gedenkturnier 2020"]
[Site "Bremen"]
[Date "2020.10.12"]
[Round "3.4"]
[White "Lubbe, Nikolas"]
[Black "Fier, Alexandr"]
[Result "0-1"]
[WhiteElo "2443"]
[BlackElo "2562"]
[Annotator "TA"]
[PlyCount "76"]
[EventDate "2020.10.10"]
[EventType "swiss"]
[EventCountry "GER"]
[SourceTitle "playchess.com"]
[Source "ChessBase"]
[SourceQuality "1"]

{[%evp 9,76,14,10,14,26,19,20,7,21,14,25,26,29,-12,0,0,0,0,0,-13,24,20,28,-112,-97,-367,-381,-377,-375,-368,-364,-379,-402,-409,-402,-401,-375,-375,-345,-333,-237,-245,-198,-399,-422,-405,-404,-486,-472,-445,-495,-778,-822,-790,-772,-931,-928,-847,-927,-891,-860,-1146,-1045,-1045,-1023,-963,-828,-745,-541]} 1. g3 d5 2. Nf3 g6 3. Bg2 Bg7 4. O-O Nf6 5. c4 d4 6. b4 {A07: Réti Opening: New York and Capablanca Systems.} O-O 7. Bb2 c5 8. bxc5 {The position is equal.} Nc6 9. d3 Nd7 10. Ba3 {[#]} Re8 $146 ({Predecessor:} 10... Qa5 11. Nfd2 Nxc5 12. Nb3 Nxb3 13. axb3 Qh5 14. Nd2 Bh3 15. b4 Ne5 16. b5 Rfe8 17. Bxb7 {0-1 (32) Rambaldi,F (2570)-Gupta,A (2603) chess.com INT 2020}) 11. h4 h6 12. Qc1 e5 13. Nbd2 f5 14. Rb1 e4 15. dxe4 fxe4 16. Ne1 (16. Nh2 $11) 16... Nf6 $17 17. f3 $2 {[%mdl 8192] [#] This costs White the game.} (17. Qd1 $17) 17... e3 $1 $19 18. Ne4 Nxe4 19. fxe4 Be5 20. Rf4 Bxf4 21. gxf4 Qxh4 22. Nd3 Qg4 23. Qf1 Rxe4 24. Qf3 {Black must now prevent Qxg4.} Qxf3 25. Bxf3 Re7 26. Ne5 $2 (26. Kh2) 26... Nxe5 27. fxe5 Rxe5 28. c6 bxc6 {Black is clearly winning.} 29. Rd1 {[#]} Bg4 $1 30. Bxc6 (30. Bxg4 $142 Rg5 31. Rxd4) 30... Rd8 31. Bd5+ Kh7 32. Rxd4 Bxe2 33. Rf4 g5 34. Rf7+ Kg6 35. Bb2 Rdxd5 36. cxd5 Rxd5 37. Re7 Rd1+ 38. Kh2 Bf3 {Accuracy: White = 57%, Black = 88%.} 0-1

[Event "CD Meyer Gedenkturnier 2020"]
[Site "Bremen"]
[Date "2020.10.12"]
[Round "3.5"]
[White "Schulze, Lara"]
[Black "Zwirs, Nico"]
[Result "1/2-1/2"]
[WhiteElo "2314"]
[BlackElo "2453"]
[Annotator "TA"]
[PlyCount "177"]
[EventDate "2020.10.10"]
[EventType "swiss"]
[EventCountry "GER"]
[SourceTitle "playchess.com"]
[Source "ChessBase"]
[SourceQuality "1"]

{[%evp 21,176,19,14,13,6,6,21,12,35,0,0,-4,16,13,10,8,14,13,0,-11,0,0,0,-8,0,0,0,-5,-5,-20,-19,-20,-6,-8,-8,-9,-6,-4,-6,-5,0,0,0,0,0,0,0,0,0,0,0,-12,0,-13,-13,-39,-32,-53,-17,-43,-41,-56,-42,-53,0,-31,-31,-32,-36,-35,-36,-29,-15,-39,-16,-39,-13,-13,0,-39,-20,-20,-15,-15,-15,-15,-15,-15,-15,-15,-21,-45,-13,-53,-18,-18,0,0,0,-29,0,-38,0,0,0,0,0,-44,0,0,0,0,0,0,0,0,0,0,0,0,0,0,0,0,0,0,0,0,0,0,0,0,0,0,0,0,0,0,0,0,0,0,0,0,0,0,0,0,0,0,0,0,0,0,0,0,0]} 1. e4 c5 2. Nf3 d6 3. d4 cxd4 4. Nxd4 Nf6 5. Nc3 a6 6. Be3 e5 7. Nf3 Qc7 8. a4 Be7 9. Be2 O-O 10. O-O b6 11. Nd2 Be6 12. f4 {B90: Sicilian Najdorf: Unusual White 6th moves, 6 Be3 Ng4 and 6 Be3 e5.} exf4 13. Bxf4 Nbd7 14. Kh1 Ne5 {[#]} 15. h3 $146 ({Predecessor:} 15. Qe1 Rfd8 16. Qg3 Ng6 17. Be3 Rd7 18. Nf3 Bd8 19. Nd4 Bc4 20. Bxc4 Qxc4 21. Rad1 Bc7 22. Qh3 Ne5 23. Rxf6 gxf6 24. Nd5 Bd8 25. b3 {1-0 (25) Fakhiridou,E (2252)-Papadopoulou,V (2213) Athens 2001}) 15... Rfe8 16. Nf3 Nxf3 17. Bxf3 Rac8 18. Rf2 Qc5 19. Rd2 {[%cal Rf4d6]} Qb4 20. Bxd6 Bxd6 21. Rxd6 Qxb2 22. Nd5 Nd7 23. Rb1 Qa3 24. Nxb6 Nxb6 25. Rdxb6 Qxa4 26. Ra1 Qxc2 27. Qxc2 Rxc2 28. Rbxa6 g5 29. Kh2 Kg7 30. Kg3 Rb8 31. R1a5 h6 32. h4 g4 {[%mdl 64] [#] Decoy} (32... Kf6 {is more complex.} 33. hxg5+ hxg5 34. Bg4 Rb3+ 35. Kh2 Rbb2) 33. Bxg4 Bxg4 34. Kxg4 Rxg2+ $11 {[%mdl 4096] Endgame KRR-KRR} 35. Kf3 Rbb2 36. Ra3 Rbf2+ 37. Ke3 Rf1 38. Kd4 Rg4 39. Ra7 Rff4 40. Re7 Rxh4 41. Ra5 Rh3 42. Re8 Rhh4 (42... Rff3 $15) 43. Ke3 Rf6 44. Raa8 $1 Rb6 45. Rg8+ Kf6 46. Ra4 Re6 47. Kf3 {Black must now prevent e5+!} Rh5 48. Rh8 Rh3+ 49. Kg2 Rh5 50. Kf3 Kg7 51. Raa8 Rf6+ 52. Ke3 {[%csl Gh8][%cal Ra8g8]} Rh3+ 53. Kd4 {[%csl Gh8][%cal Ra8g8]} Rd6+ 54. Ke5 {[%csl Gh8][%cal Ra8g8]} Re6+ 55. Kf4 Kf6 56. Ra4 Rh4+ 57. Kf3 Kg7 58. Raa8 Rh1 59. Kg2 Rh5 60. Kf3 Rf6+ 61. Ke3 {[%csl Gh8][%cal Ra8g8]} Rh3+ 62. Kd4 {[%csl Gh8][%cal Ra8g8]} Re6 63. e5 {[%csl Gh8][%cal Ra8g8]} Kg6 64. Ra7 Rh4+ 65. Kd5 {The position is equal.} Rf4 66. Rg8+ Kh5 67. Rxf7 $1 Rxe5+ 68. Kxe5 Rxf7 {KR-KR} 69. Ke4 Kh4 70. Ke3 h5 71. Ke2 Kh3 72. Rg1 Kh2 (72... h4 {with more complications.} 73. Rf1 Ra7 74. Kf3 Kh2 75. Rf2+ Kh3) 73. Rg8 h4 {aiming for ...Rf6.} 74. Rg4 h3 75. Rg8 Ra7 76. Kf2 Ra2+ 77. Kf1 Kh1 78. Rg3 h2 79. Rg8 Ra1+ 80. Kf2 Rg1 (80... Rb1 {feels hotter.} 81. Ra8 Rg1 82. Rb8 Rg7 83. Rb1+ Rg1) 81. Ra8 $1 Rg2+ 82. Kf1 Rg7 {Hoping for ...Rf7+.} 83. Rf8 Ra7 84. Rg8 Rf7+ 85. Ke2 Re7+ 86. Kf1 Rf7+ 87. Ke2 Re7+ 88. Kf1 {[#]} Rg7 $1 {[%mdl 512]} 89. Rxg7 {Accuracy: White = 91%, Black = 88%.} 1/2-1/2

[Event "CD Meyer Gedenkturnier 2020"]
[Site "Bremen"]
[Date "2020.10.12"]
[Round "3.6"]
[White "Johansson, Linus"]
[Black "Wachinger, Nikolas"]
[Result "1-0"]
[WhiteElo "2492"]
[BlackElo "2334"]
[Annotator "TA"]
[PlyCount "63"]
[EventDate "2020.10.10"]
[EventType "swiss"]
[EventCountry "GER"]
[SourceTitle "playchess.com"]
[Source "ChessBase"]
[SourceQuality "1"]

{[%evp 11,63,5,6,-14,-18,-6,4,0,0,14,9,-15,-5,-18,22,24,28,25,20,4,9,5,22,4,43,50,136,152,137,58,204,203,202,202,277,294,249,284,213,114,466,543,532,434,437,435,577,576,482,425,420,402,395,374]} 1. d4 Nf6 2. c4 e6 3. Nf3 d5 4. Nc3 Bb4 5. e3 O-O 6. Bd2 b6 7. Ne5 {E51: Nimzo-Indian: Rubinstein: 4...0-0 5 Nf3 d5.} Bb7 8. cxd5 exd5 9. Bd3 {The position is equal.} Be7 10. O-O c5 {[#]} 11. Ne2 $146 ({Predecessor:} 11. Be1 Nc6 12. f3 cxd4 13. Nxc6 Bxc6 14. exd4 Bd6 15. Bh4 h6 16. Rc1 Bf4 17. Rc2 {1-0 (34) Fedoseev,V (2683)-Cheparinov,I (2667) Hengshui 2019}) 11... Nc6 12. Ng3 Nxe5 13. dxe5 Ne4 14. Bxe4 dxe4 15. Qg4 g6 (15... Qxd2 $6 16. Nf5 $1 $18 {[%mdl 512]}) 16. Bc3 Qc8 17. Qf4 $1 Qc6 (17... b5 $5 {[%cal Rb5b4]} 18. Nxe4 b4 $11) 18. f3 $1 {[%cal Rg3e4]} exf3 ({Better is} 18... Qe6 $14) 19. Rxf3 $16 {Strongly threatening Nf5!} Qe6 20. e4 {Hoping for Nf5!} Rfd8 {[#]} (20... Rfe8 $1 $14) 21. Nf5 $1 $18 {[%mdl 512]} Bf8 (21... gxf5 $2 22. exf5 Qc6 23. e6 $1 $18 {[%mdl 512]}) 22. Re1 $1 Rd7 (22... gxf5 $2 23. exf5 Bxf3 24. fxe6 $18) (22... Qxa2 $2 23. Nh6+ Bxh6 24. Qxh6 $18) 23. Nh6+ $1 Bxh6 24. Qxh6 Rad8 ({Don't blunder} 24... Qxa2 $2 25. e6 $1 $18 {[%mdl 512]} (25. Rh3 f6 $16)) 25. Rf6 ({White should try} 25. Rh3 $18 f6 26. exf6) 25... Qg4 $2 {[%mdl 8192] [#]} ({But not} 25... Qxa2 $2 {[#]} 26. e6 $1 $18 {[%mdl 512]}) (25... Qe8 $16 {is a better chance.}) 26. e6 $1 {[%mdl 512]} Bxe4 {[%csl Ge4][%cal Rg4g2]} (26... fxe6 27. Ref1) 27. Rf2 {[%csl Gc3][%cal Rh6g7]} fxe6 {White should prevent ...Rf7.} 28. h3 Qg3 {Threatening ...Rf7.} 29. Rxe4 Rd1+ 30. Re1 Rxe1+ 31. Bxe1 {aiming for Rf8+!} Qe5 32. Bc3 {Accuracy: White = 93%, Black = 54%.} 1-0